000 00255nam a2200097Ia 4500
001 719736
005 20250826163049.0
008 250824s9999 xx 000 0 und d
245 0 _aPEKİN DEN GELEN ADAM
_cHENNING MANKELL
260 _bALTIN KİTAPLAR YAYINLARI
999 _c719736
_d719736